Психокорекція (Запис № 459259)
[ простий вигляд ]
| 000 -Лідер | |
|---|---|
| fixed length control field | 01599nam a22002777c 4500 |
| 001 - Контрольний номер | |
| control field | 216217987 |
| 003 - Ідентифікатор контрольного номера | |
| control field | UA-OsUOA |
| 005 - Дата та час останнього входження (трансакції) | |
| control field | 20200515155904.0 |
| 007 - Фіксоване поле фізичного опису | |
| fixed length control field | ca aa aacaa |
| 008 - Елементи даних фіксованої довжини – загальна інформація | |
| fixed length control field | 200515b un ||||| |||| 00| 0 ukr d |
| 040 ## - Джерело каталогізації | |
| Агенція оригінальної каталогізації | UA-OsUOA |
| Мова каталогізації | ukr |
| Агенція, яка здійснювала перезапис | UA-OsUOA |
| Агенція, яка здійснювала модифікацію | UA-OsUOA |
| 041 ## - Код мови | |
| Код мови тексту/ звукової доріжки чи окремого заголовка (П) | ukr |
| 080 ## - Індекс Універсальної десяткової класифікації | |
| Індекс Універсальної десяткової класифікації (УДК) (НП) | 159.922 |
| 090 ## - Локальний шифр розміщення | |
| Класифікаційний індекс УДК | 159.922 |
| 100 ## - Основне введення – ім’я особи | |
| Ім’я особи (НП) | Мельничук І. Я. |
| 110 ## - Наймення організації – загальна інформація | |
| Найменування колективу або юрисдикції як початковий елемент введення | Кіровоградський державний педагогічний університет імені Володимира Винниченка |
| 245 ## - Відомості про назву | |
| Назва (НП) | Психокорекція |
| Решта назви (НП) | навчально-методичний посібник |
| Дані про відповідальність (НП) | І. Я. Мельничук, О.М. Близнюкова |
| 260 ## - Публікація, розповсюдження і т.п. (Вихідні дані) | |
| Місце публікації, розповсюдження і т.п. (П) | Кіровоград |
| Дата публікації, розповсюдження і т.п. (П) | 2018 |
| 300 ## - Фізичний опис | |
| Обсяг | 140 с. |
| 520 ## - Резюме і т.п. | |
| Резюме, реферат, анотація, тощо (НП) | Матеріали навчально-методичного посібника розроблені та упорядковані<br/>відповідно до навчального плану дисципліни «Основи психокорекції». Вони<br/>допоможуть студентам-майбутнім психологам ґрунтовніше підготовитися до<br/>практичних занять, засвоїти методи та техніки психокорекційного впливу, що<br/>сприятиме їх професійному зростанню. |
| 650 ## - Додаткове предметне введення – тематичний термін | |
| Джерело заголовка чи терміна | UDC |
| 700 1# - Додаткове введення – ім'я особи | |
| Ім’я особи (НП) | Близнюкова О. М. |
| 856 40 - Електронне місцезнаходження та доступ | |
| Тип електронного формату | |
| Уніфікований ідентифікатор ресурсу (П) | https://drive.google.com/file/d/1YvtYxHpsJEf6dElzDx8pdJLDjMa4cDLa/view?usp=sharing |
| 942 ## - Додаткові елементи входу (Коха) | |
| Source of classification or shelving scheme | Universal Decimal Classification |
| Тип елемента Koha | ЕКнига |
| 955 ## - Код типу видання за змістом | |
| Код типу видання за змістом (НП) | Навчальні видання |
Немає доступних примірників.